01628nam a2200325 a 4500001001000000003000900010005001700019008004100036040002500077082002100102100004800123245010700171260003600278300002100314500007300335500005600408504003200464590002600496650004500522651005400567651005100621700003800672910003800710942001400748952014100762952014100903952012001044952012101164999001701285000024601DO-SdBNP20260317134731.0110201s1991 dr 000 0 spa d aDO-SdBNPbspacBNPHU 4a321.8bR173p2221 aRamírez Morillo, Belarminio,d1964-9252010aEl populismo en la República Dominicana /cBelarminio Ramírez Morillo ; prólogo Danilo P. Clime. aSanto Domingo :bCumbre,c1991. a148 p. ;c22 cm. aIncluye datos biográficos del autor en las solapas de la cubierta. aIncluye bibliografía y notas al pie de páginas. aBibliografía : p. 143-148 aInventariado, 2018/LP 7aPopulismo zRepública Dominicana97290 7aRepública DominicanaxPolítica y gobierno945 7aRepública DominicanaxClases sociales9504461 aClimé, Danilo P.epról.91063 aValidado. Control de calidad EMS. 2ddccLBS1 00102ddc54708DSaBNPHUbBNPHUcHDd2011-02-01iLF1l0o321.8 R173pp24601-30r2020-06-25te. 3w2020-06-25yLFDSZPréstamo en sala 00102ddc54708DSaBNPHUbBNPHUcHDd2011-02-01iLF1l0o321.8 R173pp24601-40r2020-06-25te. 4w2020-06-25yLFDSZPréstamo en sala 00102ddc718PDaPDbPDcHDd2011-02-01iLF1l0o321.8 R173pp24601-10r2020-06-25w2020-06-25yLFPDZNo se presta 0010718PDaPDbPDcHDd2011-02-01iLF1l0o321.8 R173pp24601-20r2020-06-25te. 2w2020-06-25yLFPDZNo se presta c24094d24094